000 00334nam a2200145Ia 4500
008 230718s9999 xx 000 0 und d
041 _aEng.
082 _a36473
_bHAQ-P
100 _aHaq, Dr. irsamul
245 0 _aPalastan Delt Trap
260 _aPakistan
_bOxford Universty
_c2003
300 _a303
650 _aLaw
999 _c28621
_d28621